| 000 | 00754nam a2200217Ia 4500 | ||
|---|---|---|---|
| 003 | OSt | ||
| 005 | 20240923105530.0 | ||
| 008 | 210719s2015 xx 000 0 und d | ||
| 040 | _cAL | ||
| 041 | _aKonkani | ||
| 082 | _a891.462 HEGB | ||
| 100 |
_aHEGADE (Shantarama) _dಹೆಗಡೆ (ಶಾಂತಾರಾಮ) _9179934 |
||
| 245 |
_aBrahmali ganti: dene raddanta: 2 natakam _bಬ್ರಹ್ಮಾಲಿ ಘಾ೦ಟಿ : ದೇನೆ ರದ್ದಾಂತ: 2 ನಾಟಕಂ |
||
| 260 |
_aManglur _bKarnataka Konkani Sahitya Akademy. _c2015 |
||
| 300 |
_aviii,75 _bPB |
||
| 365 | _cRs | ||
| 650 |
_aKonkani Drama _9179935 |
||
| 650 |
_aKonkani Drama _9179935 |
||
| 906 | _a2 ; Brahmali ; dene ; ganti: ; natakam ; raddanta: | ||
| 942 |
_2ddc _cBK |
||
| 999 |
_c215689 _d215689 |
||